| 000 | 00945cam a22003013a 4500 | ||
|---|---|---|---|
| 001 | 26240 | ||
| 003 | PGUSA | ||
| 005 | 20140828083550.0 | ||
| 008 | 080809s2008||||xxu|||||s|||||000 1 eng d | ||
| 040 |
_aPGUSA _beng |
||
| 042 | _adc | ||
| 050 | 4 | _aPS | |
| 100 | 1 |
_aDixon, Thomas, _d1864-1946 |
|
| 245 | 1 | 4 |
_aThe Clansman : _bAn Historical Romance of the Ku Klux Klan _h[electronic resource] / _cThomas Dixon |
| 260 |
_bProject Gutenberg, _c2008 |
||
| 506 | _aPublic domain in the USA. | ||
| 516 | _aElectronic text | ||
| 653 | _aHistorical fiction | ||
| 653 | _aWhite supremacy movements -- Fiction | ||
| 653 | _aRacism -- Fiction | ||
| 653 | _aPolitical fiction | ||
| 653 | _aReconstruction (U.S. history, 1865-1877) -- Fiction | ||
| 653 | _aSouth Carolina -- Fiction | ||
| 653 | _aKu Klux Klan (19th century) -- Fiction | ||
| 830 | 0 |
_aProject Gutenberg _v26240 |
|
| 856 | 4 | 0 | _uhttp://www.gutenberg.org/ebooks/26240 |
| 942 | _cEB | ||
| 999 |
_c255495 _d255495 |
||